Sociedad abierta, universo abierto: conversación con Franz Kreuzer

Sparad:
Bibliografiska uppgifter
Huvudupphovsman: Popper, Karl R (Författare, medförfattare)
Materialtyp: Bok
Språk:spanska
Publicerad: Madrid Tecnos 1988
Upplaga:2a. ed
Serie:Cuadernos de filosofía y ensayo
Ämnen:
Taggar: Lägg till en tagg
Inga taggar, Lägg till första taggen!

MARC

LEADER 00000nam a2200000 a 4500
001 UCW6751
003 CL-VaPUC
008 920506e19880000SP |||||||||||||||||spa|d
082 0 4 |a 146.4  |b POP  |2 21 
100 0 |a Popper, Karl R  |e author  |9 311820 
245 1 0 |a Sociedad abierta, universo abierto: conversación con Franz Kreuzer 
250 |a 2a. ed 
300 |a 158 p 
942 |c BK 
945 |d 19920506 00:00:00 
260 |a Madrid  |b Tecnos  |c 1988 
600 0 7 |a KREUZER, FRANZ  |2 CL-VaPUC  |9 311821 
650 0 |a Filosofía moderna  |9 258121 
583 |a last modification  |c 19920506 00:00:00  |k Rodrigo Vera 
490 0 |a Cuadernos de filosofía y ensayo 
999 |c 219706  |d 219704 
952 |0 0  |1 0  |4 0  |6 146_400000000000000_POP_1988  |7 0  |8 A  |9 210944  |a BIBEDU  |b BIBEDU  |d 2019-11-15  |i 2791781  |l 2  |o 146.4 POP 1988  |p 2791781  |r 2022-05-17  |s 2022-05-17  |w 2019-11-15  |y BK  |k EDU